00978cam a22002775i 450000100090000000300040000900500170001300800410003001000170007102000180008802500190010603700530012504000230017804200100020108200150021124500910022626400440031730000190036133600260038033700280040633800270043490600450046194200360050695201410054299900170068323201970OSt20231007120346.0230627s2023 ii 000 0 eng  a 2023341207 a9789393852908 aI-E-2023341207 bLibrary of Congress -- New Delhi Overseas Office aDLCbengerdacDLC alcode a823bCHA/E04aThe essential, U.R. Ananthamurthy /cedited by N. Manu Chakravarthy and Chandan Gowda. 1aNew Delhi :bAleph Book Company,c2023. axiv, 298 pages atextbtxt2rdacontent aunmediatedbn2rdamedia avolumebnc2rdacarrier a7bparcorigoded3encipf20gy-gencatlg 2ddccBKh823iCHA/Ek823mCHA/E 00102ddc40708FICaMESbMEScENGd2023-10-07l2m3o823 CHA/Ep42805r2024-11-01 14:01:15s2024-10-29v899.00w2023-10-07yBKzGR20R1 c42573d42573